| 000 | nam a22 a 4500 | ||
|---|---|---|---|
| 999 |
_c3653 _d3653 |
||
| 003 | AKMAL | ||
| 005 | 20170523144039.0 | ||
| 008 | 17052 s2009 njua e 001 0 eng d | ||
| 020 | _a0130830445 | ||
| 040 | _aAKMAL | ||
| 082 | 0 | 4 |
_a658.83 MAL _222 |
| 090 | 0 | 0 |
_a658.83 _bMAL |
| 100 | 1 |
_aMalhotra, Naresh K. _97227 |
|
| 245 | 1 | 0 |
_aBasic marketing research : _ba decision-making approach / _cNaresh K. Malhotra |
| 250 | _a3rd ed. | ||
| 260 |
_aNew Jersey : _bPrentice Hall, _cc2009 |
||
| 300 |
_axxvi, 645p. : _bill. (some col.) ; _c28cm. |
||
| 504 | _aIncludes bibliographical references and index | ||
| 650 | 0 |
_aMarketing research _97228 |
|
| 942 |
_2ddc _cBOOK |
||